Three African Countries Starting With The Same Letter - Statistics

General Stats
  • This quiz has been taken 111 times
  • The average score is 8 of 9
Answer Stats
Hint Answer % Correct
L Libya
97%
N Niger
94%
N Nigeria
94%
L Liberia
93%
L Lesotho
90%
T Tanzania
89%
N Namibia
86%
T Tunisia
82%
T Togo
81%
No matching quizzes found
Score Distribution
Percent of People with Each Score
Percentile by Number Answered
Your Score History
You have not taken this quiz